VIDEOCLIP 1991 (Record n. 107845)

Dettagli MARC
000 -LEADER
fixed length control field 00890agaaa2200265 4500
001 - CONTROL NUMBER
control field 7956
003 - CONTROL NUMBER IDENTIFIER
control field IT-RoPAU
005 - DATE AND TIME OF LATEST TRANSACTION
control field 20220918181302.0
007 - PHYSICAL DESCRIPTION FIXED FIELD--GENERAL INFORMATION
fixed length control field d cvaizq
008 - FIXED-LENGTH DATA ELEMENTS--GENERAL INFORMATION
fixed length control field 50131s9999||||xx ||| | || ||und||
040 ## - CATALOGING SOURCE
Original cataloging agency IT-RoPAU
Transcribing agency IT-RoPAU
041 ## - LANGUAGE CODE
Language code of text/sound track or separate title ITALIANO
100 ## - MAIN ENTRY--PERSONAL NAME
Personal name AA.VV.
Miscellaneous information Codice regista SPICS: 12000
9 (RLIN) 53788
130 ## - MAIN ENTRY--UNIFORM TITLE
Uniform title VIDEOCLIP 1991
9 (RLIN) 53789
245 ## - TITLE STATEMENT
Title VIDEOCLIP 1991
Statement of responsibility, etc. Diretto da: AA.VV.
Name of part/section of a work VIDEOCLIP 1991 (Rif. Codice opera principale : 97956)
250 ## - EDITION STATEMENT
Edition statement Edizione Standard
260 ## - PUBLICATION, DISTRIBUTION, ETC. (IMPRINT)
Place of publication, distribution, etc. ROMA (ITALIA)
Name of publisher, distributor, etc. SPICS RECORDS /
Date of manufacture "1991 (1° ed.: 1991 ; Ed. Lingua Orig.: 1991)"
300 ## - PHYSICAL DESCRIPTION
Extent VHS
Other physical details sonoro, col.
520 ## - SUMMARY, ETC.
Summary, etc. RAF. BIANCA.
538 ## - SYSTEM DETAILS NOTE
System details note PAL, STEREO
546 ## - LANGUAGE NOTE
Language note ITALIANO
650 ## - SUBJECT ADDED ENTRY--TOPICAL TERM
Topical term or geographic name as entry element VIDEOMUSIC
Relator term TV - VIDEOCLIP [VHS]
General subdivision Codice MATERIA SPICS: 9969
9 (RLIN) 53790
700 ## - ADDED ENTRY--PERSONAL NAME
Personal name AA.VV.
Relator term (regista/i)
Miscellaneous information Codice regista SPICS: 12000
9 (RLIN) 53788
942 ## - ADDED ENTRY ELEMENTS (KOHA)
Koha item type VHS - VIDEO
Source of classification or shelving scheme Dewey Decimal Classification
Dati di copia
Withdrawn status Lost status Damaged status Not for loan Home library Current library Date acquired Total Checkouts Full call number Date last seen Price effective from Koha item type Public note
    Buone Condizioni Not For Loan SPICS-MEDIATECA SPICS-MEDIATECA 31/01/2015   97956 31/01/2015 31/01/2015 VHS - VIDEO Progr. Ins.: 2947 / N.Vol.:1 / Copie: 1 / Pag.:0 / Copia rara: n.d. / date import: 1.2.2015 / By Epidotti, Trombetti, Vaglietti
CREDITS: SOCIETA' SAN PAOLO Via A.Severo, 58 - ROMA (RM) & PERIODICI SAN PAOLO SRL Via Giotto, 36 MILANO & CISF Via Giotto, 36 MILANO & EDIZIONI SAN PAOLO SRL,  Piazza Soncino, 5 CINISELLO BALSAMO (MI) -- ITALY